01818cam a2200493 a 4500001002300000003000700023005001700030007000700047008004100054010001700095040008300112015001300195016001800208019003300226020001500259020001800274035007100292050002200363060002200385082001900407084001500426245011300441250001200554260004900566300002600615504005100641650002500692653001800717650003100735650002600766700003500792700003200827856009600859856010000955029001701055029001801072029002101090029001801111029001701129029002201146029002201168952011701190999001701307comprehensivegro00kaplCaSfIA20230525155258.0cr||||930204s1993 mdu b 001 0 eng  a 93016409  aDNLM/DLCcDLCdNLMdVVOdUKMdBAKERdNLGGCdBTCTAdYDXCPdOCLCGdOCLCAdCaSfIA aGB94-7647 a93031362DNLM a28343824a28850508a29636201 a0683045342 a9780683045345 a(OCoLC)27643660z(OCoLC)28343824z(OCoLC)28850508z(OCoLC)2963620100aRC488b.C585 199300aWM 430bC737 199300a616.89/152220 a77.782bcl00aComprehensive group psychotherapy /h[electronic resource] cedited by Harold I. Kaplan, Benjamin J. Sadock. a3rd ed. aBaltimore, MD :bWilliams & Wilkins,cc1993. axix, 775 p. ;c26 cm. aIncludes bibliographical references and index. 0aGroup psychotherapy.0 aPsychotherapy17aGroepspsychotherapie.2gtt 2aPsychotherapy, Group.1 aKaplan, Harold I.,d1927-1998.1 aSadock, Benjamin J.,d1933-41uhttp://www.archive.org/details/comprehensivegro00kaplzFree eBook from the Internet Archive42uhttp://www.openlibrary.org/books/OL1407930MzAdditional information and access via Open Library1 aNLMb93031361 aUKMbb94007641 aNLGGCb1047492881 aYDXCPb5495091 aNZ1b43638691 aAU@b0000099067351 aAU@b000023105075 001040708Project GutenbergaCSPCbCSPCd2023-05-25l0oRC488 .C585 1993r2023-05-25 00:00:00w2023-05-25yEBK c24526d24526